000 00716nam a2200277Ia 4500
005 20260324144930.0
008 008 260324s9999 xx 000 0 eng d
020 _a9781315802589
037 _aEBOOK
040 _aCRL
040 _beng
040 _cCRL
041 _2eng
041 _aeng
084 _qCRL
100 _aWilliam B. Levy; James A. Anderson; Stephen Lehmkuhle
_91221138
245 0 _aSynaptic Modification, Neuron Selectivity, and Nervous System Organization
260 _bTaylor and Francis
260 _c1985
365 _a
365 _b230
856 _uhttp://www.taylorfrancis.com/books/9781315802589
942 _cEBOOK
999 _c1828383
_d1828383